000 00668nam a2200241Ia 4500
003 OSt
005 20220928105418.0
006 a|||||r|||| 00| 0
007 ta
008 220927b |||||||| |||| 00| 0 eng d
024 _a59541
037 _cTextual
040 _aSDCL
_cSDCL
_beng
041 _2eng
_aeng
082 _aR625xJ50,1, N0
100 _aShastri Gauri Nath
_9415164
245 0 _aNyayasiddhantamanjari .
260 _aDelhi
_bSri Satguru Publications
_c1990
300 _a353p.
_ccm.
490 _aSri Garib Dass Oriental Series No.95.
942 _hR625xJ50,1, N0
_cTEXL
_2CC
999 _c730999
_d730999